| 000 | 05392nam a22005537a 4500 | ||
|---|---|---|---|
| 005 | 20090925140217.0 | ||
| 008 | 090120t xxu||||| |||| 00| 1 eng d | ||
| 010 | _aB-358809 | ||
| 020 |
_a9788179636961 _c45.00 |
||
| 035 | _aB-358809 | ||
| 035 | _aB-334889-911 | ||
| 037 | _bBlue Berry Books | ||
| 037 | _bBlue Berry Books | ||
| 040 |
_adpl _bEnglish |
||
| 082 | _aS | ||
| 245 | _aAbdullah's greed and the enchanting horse | ||
| 260 |
_aMumbai _bShree Book Centre _c(200?) |
||
| 270 |
_a8 Kakad Industrial Estate, S. Kee Road (Off. L.J.Road), Matunga (West) _bMumbai _e400016 _k24377516/24374559 _l91-22-24309183 _msales@shreebookcentre.com |
||
| 300 |
_aunpaged : _bill. _c23cm.(pbk) |
||
| 500 | _a2 in 1 Tales from the arabian Nights | ||
| 650 | _aFiction | ||
| 942 |
_2ddc _cCH _hS _mABD |
||
| 999 |
_c21669 _d21669 |
||